000 00401nam a2200181Ia 4500
001 2735
005 20260306144829.0
008 260306t2006||||xx |||||||||||||| ||spa||
041 _aESP
082 _a220
_bH21
100 _aHanlon, Thomas
_eAUT
245 4 _aThe Holy Bible
260 _c2006
300 _a220 páginas :
_c23 cm.
650 _aGEN
654 _aCHU
942 _cLIB
_dJUS
_fJUS
_2ddc
_n
999 _c2735
_d2735